Flags of the World - Easy - Statistics

General Stats
  • This quiz has been taken 47 times
  • The average score is 8 of 8
Answer Stats
Picture Answer % Correct
Brazil
100%
Japan
100%
France
97%
Canada
94%
Mexico
94%
UK
94%
Greece
90%
Sweden
90%
No matching quizzes found
Score Distribution
Percent of People with Each Score
Percentile by Number Answered
Your Score History
You have not taken this quiz